| 000 | 00434nam a2200157Ia 4500 | ||
|---|---|---|---|
| 003 | LK-CoDNM | ||
| 008 | 010623t1996 xxu||||| |||| 00| 1 eng d | ||
| 040 |
_aLK-CoDNM _dLK-CoDNM _eLK-CoDNM |
||
| 041 | _aeng | ||
| 080 | _a294.3 TRI | ||
| 100 | _aAnanda Grero,C. | ||
| 245 | 3 | _aAn Analysis of the Theravada Vinaya in the Light of Modern Legal Philosophy | |
| 260 |
_bKarunaratna Sons _c1996 |
||
| 300 | _b170p., 21 cm | ||
| 942 | _cBK | ||
| 999 |
_c117448 _d117448 |
||